| Tag |
First Indicator |
Second Indicator |
Subfields |
| LEADER |
00000cam a2200000 a 4500 |
| 001 |
in00001472829 |
| 005 |
20151021055349.0 |
| 008 |
981214s1998 ne a b 001 0 eng d |
| 020 |
|
|
|a 9053835792
|
| 035 |
|
|
|a (OCoLC)40486209
|
| 035 |
|
|
|9 AJF3553AM
|
| 040 |
|
|
|a BOS
|c BOS
|d TXA
|d UtOrBLW
|
| 041 |
1 |
|
|a eng
|h ger
|
| 043 |
|
|
|a a-ce---
|
| 049 |
|
|
|a TXAM
|
| 090 |
|
|
|a GV1703.S74
|b N8713 1998
|
| 100 |
1 |
|
|a Nürnberger, Marianne,
|d 1956-
|
| 240 |
1 |
0 |
|a Tanz ist die Sprache der Götter.
|l English
|
| 245 |
1 |
0 |
|a Dance is the language of the gods :
|b the Chitrasena School and the traditional roots of Sri Lankan stage-dance /
|c Marianne Nürnberger.
|
| 264 |
|
1 |
|a Amsterdam :
|b VU University Press,
|c 1998.
|
| 300 |
|
|
|a xxvi, 282 pages :
|b illustrations ;
|c 24 cm.
|
| 336 |
|
|
|a text
|b txt
|2 rdacontent
|
| 337 |
|
|
|a unmediated
|b n
|2 rdamedia
|
| 338 |
|
|
|a volume
|b nc
|2 rdacarrier
|
| 490 |
1 |
|
|a Sri Lanka studies ;
|v 5
|
| 504 |
|
|
|a Includes bibliographical references (pages [259]-265) and index.
|
| 650 |
|
0 |
|a Dance
|z Sri Lanka.
|
| 650 |
|
0 |
|a Dance
|z Sri Lanka
|x Religious aspects.
|
| 651 |
|
0 |
|a Sri Lanka
|x Religious life and customs.
|
| 830 |
|
0 |
|a Sri Lanka studies in the humanities and the social sciences ;
|v 5.
|
| 948 |
|
|
|a c:jal
|
| 999 |
|
|
|a MARS
|
| 999 |
f |
f |
|s a72d25e7-c62d-3d89-b7f2-001ddd6a528f
|i 291136d9-4fc6-369d-a82e-7b00e3d2a752
|t 0
|
| 952 |
f |
f |
|p ric
|a Texas A&M University
|b Rellis Campus
|c Joint Library Facility
|d Remote Storage
|t 0
|e GV1703.S74 N8713 1998
|h Library of Congress classification
|i unmediated -- volume
|m A14824100219
|
| 998 |
f |
f |
|a GV1703.S74 N8713 1998
|t 0
|l Remote Storage
|